Cuando Valparaíso se asomó al siglo XIX
Gardado en:
| Autor Principal: | |
|---|---|
| Formato: | Libro |
| Idioma: | Lingua castelá |
| Publicado: |
Viña del Mar
Altazor
2012
|
| Subjects: | |
| Tags: |
Engadir etiqueta
Sen Etiquetas, Sexa o primeiro en etiquetar este rexistro!
|
MARC
| LEADER | 00000cam a2200000 a 4500 | ||
|---|---|---|---|
| 001 | UCF2600 | ||
| 003 | CL-VaPUC | ||
| 008 | 120830e20120000CL |||||||||||||||||spa|d | ||
| 020 | |a 9789567472970 | ||
| 082 | 0 | 4 | |a 320 |b GAR |2 21 |
| 100 | |a Garrido Álvarez de la Rivera, Eugenia |e author |9 778593 | ||
| 245 | 1 | 0 | |a Cuando Valparaíso se asomó al siglo XIX |
| 300 | |a 83 p | ||
| 942 | |c BK | ||
| 945 | |d 20120830 00:00:00 |a dcastane | ||
| 260 | |a Viña del Mar |b Altazor |c 2012 | ||
| 650 | 0 | |a Ciencia política |9 324218 | |
| 650 | 0 | |a Política y gobierno |9 255151 | |
| 650 | 0 | |a Historia de Chile |9 322385 | |
| 650 | 0 | |a Desarrollo político |9 323087 | |
| 650 | 7 | |a DESARROLLO POLITICO Y SOCIAL |2 CL-VaPUC |9 564306 | |
| 650 | 0 | |a Desarrollo cultural |9 267526 | |
| 583 | |a last modification |c 20120830 10:25:00 |k Rodrigo Vera | ||
| 999 | |c 349142 |d 349140 | ||
| 952 | |0 0 |1 0 |4 0 |6 320_000000000000000_GAR_2012 |7 0 |8 A |9 451610 |a BIBING |b BIBING |d 2019-11-22 |i 4896505 |o 320 GAR 2012 |p 4896505 |r 2025-01-20 |w 2019-11-22 |y BK |k CUI | ||
| 952 | |0 0 |1 0 |4 0 |6 320_000000000000000_GAR_2012 |7 0 |8 C |9 451611 |a BIBCUR |b BIBCUR |d 2019-11-22 |i 4896378 |o 320 GAR 2012 |p 4896378 |r 2025-04-22 |w 2019-11-22 |y BK |k CAC | ||